000 00455nam a22001457a 4500
005 20260617094542.0
008 181214b ||||| |||| 00| 0 eng d
040 _cPK-LaUMT
082 _aRHC 297.72
_bABU-J
100 1 _aMaududi, Syed Abul Ala
_911418
245 _aJihad fi Sabeelillah(جہاد فی سبیل اللہ) /
_cAbul Ala Maududi
260 _aلاہور:
_bدارالعروبہ للدعوۃ الاسلامیہ
300 _a159
942 _cBK
999 _c109611
_d109611